Sports Quiz

Random Sports or Football Quiz

NFL Teammates with 1000+ Rushing Yards Quiz Stats

 Plays Quiz Updated Jan 7, 2018

Score 0/12 Timer 03:00
1 Play Today
% Correct
2009 (Carolina Panthers)DeAngelo Williams
87%
2008 (New York Giants)Brandon Jacobs
84%
2009 (Carolina Panthers)Jonathan Stewart
80.9%
2006 (Atlanta Falcons)Warrick Dunn
70.2%
1976 (Pittsburgh Steelers)Franco Harris
68.9%
1972 (Miami Dolphins)Larry Csonka
57.7%
2008 (New York Giants)Derrick Ward
54.5%
2006 (Atlanta Falcons)Michael Vick
54.4%
1972 (Miami Dolphins)Mercury Morris
40.5%
1985 (Cleveland Browns)Earnest Byner
32.9%
1985 (Cleveland Browns)Kevin Mack
21%
1976 (Pittsburgh Steelers)Rocky Bleier
18.9%

You're not logged in!

Compare scores with friends on all Sporcle quizzes.
OR
Log In

You Might Also Like...

Show Comments

Extras

Top Quizzes Today


Score Distribution

Your Account Isn't Verified!

In order to create a playlist on Sporcle, you need to verify the email address you used during registration. Go to your Sporcle Settings to finish the process.

Report this User

Report this user for behavior that violates our Community Guidelines.

Details: